000 03480cam a22004694a 4500
001 muse87115
003 MdBmJHUP
005 20210127151748.0
006 m o d
007 cr||||||||nn|n
008 200721r20202012nyu o 00 0 eng d
020 _a9780615747101
035 _a(OCoLC)1176455087
040 _aMdBmJHUP
_cMdBmJHUP
050 4 _aQ172.5.M87
_bF67 2012
100 1 _aFord, Denzil,
_eauthor.
245 1 0 _aSuite on "Spiritus Silvestre": For Symphony
_cDenzil Ford.
264 1 _bProject Muse,
264 3 _bProject MUSE,
300 _a1 online resource (32 pages) :
_billustrations
500 _aIssued as part of book collections on Project MUSE.
504 _aIncludes bibliographical references (pages 27-32).
505 0 _aPrelude -- Intermezzo -- Overture -- Cavatina -- There's a hole in the glass flask -- New ways to play an analyzer -- The image king -- Coda -- Index of musical terms -- Working bibliography.
506 0 _aOpen Access
_fUnrestricted online access
_2star
520 _aCarbon dioxide. This small book aims to open a door. It is an experiment in thinking about an object made extremely familiar to many people across the world in recent years through science, the news, governments, and public discourses. One of the first names given to carbon dioxide was spiritus silvestre or wild spirit, a moniker that has fallen out of favor. This experiment is a chance to hold what we think we know about this object in our hand and ponder our own knowledge for a while by looking at it in one particular historical context long after more modern names became familiar. Music. The reader is asked to create a space of visualization where the potential for new understandings arise when seemingly unrelated things and practices are taken seriously next to one another and where previous conceptions of wildness may have continued to emit sound even after formal names changed. In the 20th century, Charles Keeling was one of the major scientists interested in the wild spirit - he was also a musician. Illumination. Denzil Ford highlights relationships between the musician and the scientist and further considers conceptualizing an object of scientific inquiry through the framework of a piece of music. Her narrative approach does not spell out every point but uses text and image together; this is a work of experimental thought written in experimental form. She joins other scholars looking at the multiple meanings of carbon dioxide across time and space, and her historical and philosophical approach allows the reader a moment to remember some of the social layers of scientific research that have led to our understanding of climate change, one of the greatest environmental problems of the 21st century.
588 _aDescription based on print version record.
650 0 _aCarbon dioxide.
650 0 _aClimatology.
650 0 _aMeteorology.
650 0 _aMusic and science.
655 0 _aElectronic books.
655 7 _aElectronic books.
_2local
710 2 _aProject Muse,
_edistributor.
776 1 8 _iPrint version:
_z9780615747101
710 2 _aProject Muse.
_edistributor
830 0 _aBook collections on Project MUSE.
856 4 0 _zFull text available:
_uhttps://muse.jhu.edu/book/76433/
999 _c26930
_d26930